书目信息 |
| 题名: |
土力学实验教程
|
|
| 作者: | 唐洪祥 , 郭莹 主编 | |
| 分册: | ||
| 出版信息: | 北京 中国建筑工业出版社 2017.04 |
|
| 页数: | 128页 | |
| 开本: | 26cm | |
| 丛书名: | ||
| 单 册: | ||
| 中图分类: | TU4-33 | |
| 科图分类: | ||
| 主题词: | 土力学--实验--高等学校--教材 | |
| 电子资源: | ||
| ISBN: | 978-7-112-20306-2 | |
| 000 | 00931nam0 2200241 450 | |
| 001 | 0100004440 | |
| 005 | 20190306083237.43 | |
| 010 | @a978-7-112-20306-2@dCNY25.00 | |
| 100 | @a20170417d2017 em y0chiy50 ea | |
| 101 | 0 | @achi |
| 102 | @aCN@b110000 | |
| 105 | @aa z 000yy | |
| 200 | 1 | @a土力学实验教程@Atu li xue shi yan jiao cheng@f唐洪祥,郭莹主编 |
| 210 | @a北京@c中国建筑工业出版社@d2017.04 | |
| 215 | @a128页@c图@d26cm | |
| 300 | @a高等学校规划教材 | |
| 330 | @a全书共分为三篇,第一篇由2章组成,主要介绍土的基本物理力学性质指标的概念及其应用;第二篇由15章组成,主要介绍获得基本物理力学指标的实验方法;第三篇由3章组成,主要介绍以目标任务为导向的3个综合设计型实验,并且附上了相应的实验报告以供参考。 | |
| 606 | 0 | @a土力学@x实验@x高等学校@j教材 |
| 690 | @aTU4-33@v5 | |
| 701 | 0 | @a唐洪祥@Atang hong xiang@4主编 |
| 701 | 0 | @a郭莹@Aguo ying@4主编 |
| 801 | 0 | @aCN@c20171024 |
| 905 | @a河南城建学院图书馆@dTU4-33@eT247 | |
| 土力学实验教程/唐洪祥,郭莹主编.-北京:中国建筑工业出版社,2017.04 |
| 128页:图;26cm |
| 高等学校规划教材 |
| ISBN 978-7-112-20306-2:CNY25.00 |
| 全书共分为三篇,第一篇由2章组成,主要介绍土的基本物理力学性质指标的概念及其应用;第二篇由15章组成,主要介绍获得基本物理力学指标的实验方法;第三篇由3章组成,主要介绍以目标任务为导向的3个综合设计型实验,并且附上了相应的实验报告以供参考。 |
| ● |
| 相关链接 |
|
|
|
正题名:土力学实验教程
索取号:TU4-33/T247
 
预约/预借
| 序号 | 登录号 | 条形码 | 馆藏地/架位号 | 状态 | 备注 |
| 1 | 1305236 | 213052364 | 建筑库101/101建筑库 93排3列3层/ [索取号:TU4-33/T247] | 在馆 | |
| 2 | 1337926 | 213379262 | 建筑库101/101建筑库 93排3列3层/ [索取号:TU4-33/T247] | 在馆 | |
| 3 | 1337927 | 213379271 | 建筑库101/101建筑库 93排3列3层/ [索取号:TU4-33/T247] | 在馆 |